| 000 | 00707nam a2200181 4500 | ||
|---|---|---|---|
| 999 |
_c56835 _d56835 |
||
| 005 | 20200218143627.0 | ||
| 008 | 190510c2019 ру ||||| |||| 00| 0 рус d | ||
| 022 | _a0130-3864 | ||
| 041 | _aрус | ||
| 245 |
_aНовая и новейшая история : _b2019. N2 март-апрель / _cГл.ред.: Мирзеханов В.С. |
||
| 260 |
_aМосква : _bРоссийская академия наук, _c2019. |
||
| 300 | _aV. | ||
| 653 | _aისტორია | ||
| 653 | _aНовая и новеищая история март-апрель N2 2019. | ||
| 653 | _aпериодика | ||
| 700 |
_a Мирзеханов, В.С. _eГл. редактор _9989 |
||
| 942 |
_2udc _cCR |
||